Kaktusy a iné sukulenty (Record no. 22952)
[ view plain ]
| 000 -LEADER | |
|---|---|
| fixed length control field | 01153nam a2200385 a 4500 |
| 001 - CONTROL NUMBER | |
| control field | 22952 |
| 003 - CONTROL NUMBER IDENTIFIER | |
| control field | SK-KTurca |
| 005 - DATE AND TIME OF LATEST TRANSACTION | |
| control field | 20260513074607.0 |
| 008 - FIXED-LENGTH DATA ELEMENTS--GENERAL INFORMATION | |
| fixed length control field | 251113s1999 xo a r 0 slo c |
| 015 ## - NATIONAL BIBLIOGRAPHY NUMBER | |
| National bibliography number | SNBA1999/10-03876 |
| 020 ## - INTERNATIONAL STANDARD BOOK NUMBER | |
| International Standard Book Number | 8071187968 |
| 035 ## - SYSTEM CONTROL NUMBER | |
| System control number | SNK000324483 |
| 040 ## - CATALOGING SOURCE | |
| Original cataloging agency | SNK |
| Language of cataloging | slo |
| Transcribing agency | SNK |
| Description conventions | AACR2 |
| Modifying agency | BJKDG |
| 041 0# - LANGUAGE CODE | |
| Language code of text/sound track or separate title | slo |
| 044 ## - COUNTRY OF PUBLISHING/PRODUCING ENTITY CODE | |
| MARC country code | xo |
| ISO country code | SK |
| 080 ## - UNIVERSAL DECIMAL CLASSIFICATION NUMBER | |
| Universal Decimal Classification number | 582.85(035) |
| Edition identifier | 1981 |
| 100 1# - MAIN ENTRY--PERSONAL NAME | |
| Personal name | Hewitt, Terry |
| Relationship | aut |
| 240 10 - UNIFORM TITLE | |
| Uniform title | Cacti & succulents |
| Language of a work | Slovensky |
| 245 10 - TITLE STATEMENT | |
| Title | Kaktusy a iné sukulenty |
| Statement of responsibility, etc. | Terry Hewitt ; [z anglického originálu preložila Terézia Šinková] |
| 250 ## - EDITION STATEMENT | |
| Edition statement | 2. vyd. |
| 260 ## - PUBLICATION, DISTRIBUTION, ETC. | |
| Place of publication, distribution, etc. | Bratislava |
| Name of publisher, distributor, etc. | Ikar |
| Date of publication, distribution, etc. | 1999 |
| 300 ## - PHYSICAL DESCRIPTION | |
| Extent | 72 s. |
| Other physical details | fareb. fotogr. |
| Dimensions | 18 cm |
| 490 1# - SERIES STATEMENT | |
| Series statement | 101 praktických rád |
| 500 ## - GENERAL NOTE | |
| General note | Fotogr. na tit. strane a front. |
| 500 ## - GENERAL NOTE | |
| General note | Údaj o prekl. prevzatý z rubu tit. strany |
| 504 ## - BIBLIOGRAPHY, ETC. NOTE | |
| Bibliography, etc. note | Reg. |
| 650 07 - SUBJECT ADDED ENTRY--TOPICAL TERM | |
| Topical term or geographic name entry element | kaktusy |
| Source of heading or term | SNKPH |
| 650 07 - SUBJECT ADDED ENTRY--TOPICAL TERM | |
| Topical term or geographic name entry element | sukulenty |
| Source of heading or term | SNKPH |
| 655 #7 - INDEX TERM--GENRE/FORM | |
| Genre/form data or focus term | pestovanie |
| Source of term | SNKPH |
| 655 #7 - INDEX TERM--GENRE/FORM | |
| Genre/form data or focus term | príručky |
| Source of term | SNK |
| 700 1# - ADDED ENTRY--PERSONAL NAME | |
| Personal name | Šinková, Terézia |
| Relationship | trl |
| 830 #0 - SERIES ADDED ENTRY--UNIFORM TITLE | |
| Uniform title | 101 praktických rád |
| 942 ## - ADDED ENTRY ELEMENTS (KOHA) | |
| Source of classification or shelving scheme | Dewey Decimal Classification |
| Koha item type | Odborná literatúra pre dospelých |
| Suppress in OPAC | No |
| Stav vyradenia | Strata | Poškodenie | Spôsob nadobudnutia | Domovská knižnica | Aktuálna knižnica | Dátum nadobudnutia | Total checkouts | Čiarový kód exemplára | Date last seen | Typ exemplára |
|---|---|---|---|---|---|---|---|---|---|---|
| Dar | Obecná knižnica Turčianska Štiavnička | Obecná knižnica Turčianska Štiavnička | 13.05.2026 | 4738001245 | 13.05.2026 | Odborná literatúra pre dospelých |
